| 000 | 00000nam##2200000za#4500 |
| 001 | 9.567611 |
| 003 | CaOODSP |
| 005 | 20210624180846 |
| 007 | cr ||||||||||| |
| 008 | 150406|1997||||xxc|||||o f|0| 0 eng|d |
| 040 | |aCaOODSP|beng |
| 043 | |an-cn--- |
| 086 | 1 |aBT31-2/1998-III-81E-PDF |
| 110 | 1 |aCanada. |bTreasury Board. |
| 245 | 10|aAtlantic Canada Opportunities Agency, 1997-98 estimates, a report on plans and priorities, pilot document |h[electronic resource] |
| 260 | |aOttawa - Ontario : |bTreasury Board of Canada Secretariat |cc1997. |
| 300 | |a65p.|bgraphs, organization chart, tables |
| 490 | 1 |a1997-98 estimates. Part III, Expenditure plan |
| 500 | |aThe catalogue number (BT31-2/1998-III-81) and ISBN (0-660-60121-4) for the bilingual print edition have been incorrectly copied in this electronic publication. |
| 590 | |a10-06-Supp|b2010-07-26 |
| 776 | 0#|tAtlantic Canada Opportunities Agency |w(CaOODSP)9.528076 |
| 776 | 0#|tAgence de promotion économique du Canada atlantique |w(CaOODSP)9.528077 |
| 830 | #0|a1997-98 estimates. Part III, Expenditure plan.|w(CaOODSP)9.506109 |
| 856 | 40|ahttp://publications.gc.ca|qPDF|s421 KB|uhttps://publications.gc.ca/collections/Collection/BT31-2-1998-III-81E.pdf |